Summary Judgement A practical guide : (Record no. 129)

MARC details
000 -LEADER
fixed length control field 00649nam a22001697a 4500
005 - DATE AND TIME OF INPUT
control field 20231030085850.0
008 - DATA ELEMENTS--GENERAL INFORMATION
fixed length control field 231030b |||||||| |||| 00| 0 eng d
020 ## - INTERNATIONAL STANDARD BOOK NUMBER
International Standard Book Number 9780409060478 ; 9780409060485
041 ## - LANGUAGE CODE
Language code of text English
082 ## - SHELF NUMBER
DDC number 347.7 VAN
100 ## - MAIN AUTHOR
Main author's name Van Niekerk, SJ, Geyer HF and Mundell, ARG
Language of a work English
245 ## - TITLE STATEMENT
Title Summary Judgement A practical guide :
Sub-title Being the Law and Practice of Summary Judgement in South Africa /
Statement of responsibility, etc. SJ Van Niekerk, HF Geyer and ARG Mundell
260 ## - PUBLICATION, DISTRIBUTION, ETC.
Place of publication, distribution, etc. Durban :
Name of publisher, distributor, etc. LexisNexis (Pty) Ltd,
Date of publication, distribution, etc. 2022
300 ## - PHYSICAL DESCRIPTION
Other physical details xii, 11-50 pages ;
Dimensions 26 cm.
650 ## - SUBJECT`
Broad subject Legal practice
Own subject terms Law
942 ## - ADDED ENTRY ELEMENTS (KOHA)
Item type Books
942 ## - ADDED ENTRY ELEMENTS (KOHA)
-- ALISON_BN_VRIES
Holdings
Source of classification or shelving scheme Volume number (bound volume or other part) Not for loan Collection code Home library Current library Shelving location Date acquired Full call number Barcode Price effective from Koha item type
Dewey Decimal Classification Instruction sheet   TEXT BOOKS LAW SOCIETY OF NAMIBIA LIBRARY - WINDHOEK LAW SOCIETY OF NAMIBIA LIBRARY - WINDHOEK Evidence law 10/30/2023 347.7 VAN LSN/2004/18 10/30/2023 Books